Divisions of Bangladesh (map) - Statistics

General Stats
  • This quiz has been taken 5,193 times
  • The average score is 5 of 8
Answers on the Map
Answers color-coded by a green-red scale on the quiz's map according to % correct below.
 
Answer Stats
Divisions % Correct
Dhaka
99%
Chittagong
89%
Sylhet
65%
Khulna
60%
Rangpur
57%
Barishal
53%
Rajshahi
53%
Mymensingh
50%
No matching quizzes found
Score Distribution
Percent of People with Each Score
Percentile by Number Answered
Your Score History
You have not taken this quiz